O Elmer e as emoções (Registo nº 6090)
[ vista simples ]
| 000 -Etiqueta do registo | |
|---|---|
| Valores | 00835nam a2200265 4500 |
| 010 ## - Número ISBN | |
| ISBN | 9789897840340 |
| 021 ## - Número do Depósito Legal | |
| Número | 469411/20 |
| 100 ## - Dados gerais de processamento | |
| Dados gerais | 20211231d2020 c||y0pory50030103ba |
| 200 1# - Titulo e menção de responsabilidade | |
| Título próprio | O Elmer e as emoções |
| Primeira menção de responsabilidade | David Mckee |
| Outras menções de responsabilidade | trad. Sara Aguiar |
| 205 ## - Menção da edição | |
| Edição | 1ª ed |
| 210 #9 - Publicação | |
| Local de publicação | Lisboa |
| Nome do editor | Nuvem de Letras |
| Data de publicação | 2020 |
| 215 ## - Descrição física | |
| Paginação / Volumes | [64] p. |
| Outras indicações físicas | muito il. |
| Dimensões | 26 cm |
| 304 ## - Nota relativa ao título | |
| Texto de nota | T�it. orig.: Elmer y las emociones |
| 606 ## - Nome comum usado como assunto | |
| ID Autoridade | 14 |
| Palavra de ordem | Literatura infantil |
| 606 ## - Nome comum usado como assunto | |
| ID Autoridade | 13 |
| Palavra de ordem | Literatura Estrangeira |
| 675 ## - CDU | |
| Notação | 82-93 |
| Edição | BN |
| Língua | por |
| 675 ## - CDU | |
| Notação | 821.1/.8 |
| Edição | BN |
| Língua | por |
| 700 ## - Autor principal (pessoa individual) | |
| Apelido | McKee |
| Nome | David |
| Datas | 1935- |
| ID Autoridade | 5142 |
| 702 ## - Autor secundário (pessoa individual) | |
| Apelido | Aguiar |
| Nome | Sara |
| ID Autoridade | 4635 |
| 801 #0 - Fonte de origem | |
| País | PT |
| Agência | BMVN |
| Regras de catalogação | RPC |
| 830 ## - Notas gerais do catalogador | |
| Criado por | Ana Caetano |
| Data de criação | 31/12/2021 |
| 856 41 - Localização e acesso electrónico | |
| URL | <a href="http://rnod.bnportugal.gov.pt/ImagesBN/winlibimg.aspx?skey=&doc=2050431&img=141880&save=true">http://rnod.bnportugal.gov.pt/ImagesBN/winlibimg.aspx?skey=&doc=2050431&img=141880&save=true</a> |
| 990 ## - Elementos KOHA | |
| Tipo de documento | Livro |
| Situação do levantamento | Biblioteca de origem | Código de barras | Cota | Permissão de empréstimo | Tipo de documento | Forma de aquisição |
|---|---|---|---|---|---|---|
| Biblioteca Municipal de Vendas Novas | 100000007742 | LI EST/MCK | Livro |